000 00711nam a2200217 i 4500
001 84457
003 ES-MaACL
005 20250829132240.0
007 t|
008 041122s1982 sp ||||1| spa d
100 1 _aGimeno Sacristán, José,
_d1947-
_957096
245 1 3 _aLa pedagogía por objetivos
_b: obsesión por la eficiencia /
_cJosé Gimeno Sacristán.
260 _aMadrid :
_bMorata,
_c[1982]
300 _a176 p. :
_bil. ;
_c21 cm.
490 1 _aLa Pedagogía hoy
504 _aBibliografía: p. 173-176. - Indice.
650 7 _aPedagogía por objetivos
_2embne
_9170173
830 0 0 _aLa pedagogía hoy
_9231665
852 _aES-MaACL
_jL-3465
_bR.104262
999 _c84457
_d84457